[Event "CRO-chT"]
[Site "Medulin"]
[Date "2002.09.11"]
[Round "3"]
[White "Jukic, Branimir"]
[Black "Franic, Milan"]
[Result "0-1"]
[WhiteElo "2393"]
[BlackElo "2412"]
[PlyCount "88"]
[EventDate "2002.09.09"]
[Source "ChessBase"]
[SourceDate "2002.11.06"]

1. e4 c5 2. Nf3 d6 3. d4 cxd4 4. Nxd4 Nf6 5. Nc3 a6 6. Bg5 e6 7. f4 h6 8. Bh4 Be7 9. Qf3 Qc7 10. O-O-O Nbd7 11. Bxf6 Nxf6 12. g4 g5 13. fxg5 hxg5 14. Qg3 Nd7 15. Bg2 Ne5 16. Rhf1 Bd7 17. Nf3 Nc4 18. e5 Qb6 19. b3 Qe3+ 20. Kb1 Qxc3 21. bxc4 Ba4 22. Nd4 Qxg3 23. hxg3 dxe5 24. Nb3 Rc8 25. Bxb7 Rxc4 26. Bxa6 Rxg4 27. Rf3 Bb4 28. Re3 Rh3 29. Rxe5 Rhxg3 30. Be2 Rf4 31. Bb5+ Bxb5 32. Rxb5 Bc3 33. Nc5 Rb4+ 34. Rxb4 Bxb4 35. Ne4 Rg2 36. a4 f5 37. Rd4 Be7 38. Nd2 Bf6 39. Rd3 g4 40. a5 Rg1+ 41. Ka2 Ra1+ 42. Kb3 Rxa5 43. Nc4 Rb5+ 44. Ka4 Rb8 0-1

[Event "Valoz Cup GMA"]
[Site "Olomouc CEC"]
[Date "2007.08.05"]
[Round "7"]
[White "Malinovsky, K."]
[Black "Ibrayev, N."]
[Result "1/2-1/2"]
[WhiteElo "2334"]
[BlackElo "2468"]
[PlyCount "99"]
[EventDate "2007.08.01"]
[Source "www.chesslib.no"]
[SourceDate "2004.05.04"]

1. e4 c5 2. Nf3 d6 3. d4 cxd4 4. Nxd4 Nf6 5. Nc3 a6 6. Bg5 e6 7. f4 Be7 8. Qf3 h6 9. Bh4 Nbd7 10. Bd3 Qb6 11. Nb3 Qc7 12. Bg3 O-O 13. Qe2 e5 14. O-O Re8 15. a4 b6 16. Rad1 Bb7 17. f5 Qb8 18. Bc4 Qa7 19. Bf2 Rac8 20. Nd5 Nxd5 21. Bxd5 Nf6 22. Bxb7 Qxb7 23. Rfe1 Rc6 24. Bh4 Nh7 25. Bxe7 Rxe7 26. c4 Nf6 27. Nd2 Rec7 28. b3 b5 29. axb5 axb5 30. Rb1 b4 31. Ra1 Ra6 32. Rxa6 Qxa6 33. h3 Qa2 34. Qd3 Rc6 35. Re2 Qa7+ 36. Qe3 Qc7 37. Nf3 Ra6 38. Ne1 Ra1 39. Kh2 Rd1 40. Nc2 Qc5 41. Re1 Rxe1 42. Qxe1 Kf8 43. Nxb4 Nxe4 44. Nd5 Nf6 45. Nxf6 gxf6 46. Qe4 h5 47. Kg3 Kg7 48. Kf3 Kf8 49. Kg3 Kg7 50. Kf3 1/2-1/2

[Event "ClassM.060"]
[Site "IECG email"]
[Date "1998.??.??"]
[Round "?"]
[White "Ilyes, Peter"]
[Black "Halwick Jr, Floyd J"]
[Result "1-0"]
[WhiteElo "2400"]
[BlackElo "2400"]
[PlyCount "47"]
[EventDate "1998.??.??"]
[Source "www.chesslib.no"]
[SourceDate "2004.05.04"]

1. e4 c5 2. Nf3 d6 3. d4 cxd4 4. Nxd4 Nf6 5. Nc3 a6 6. Bg5 e6 7. f4 Be7 8. Qf3 h6 9. Bh4 g5 10. fxg5 Nfd7 11. Qh5 Ne5 12. Bg3 Bxg5 13. Nf3 Nbc6 14. Nxg5 Qxg5 15. Be2 Qxh5 16. Bxh5 Ke7 17. O-O f6 18. Rf2 b5 19. Raf1 Nd7 20. Bh4 Rf8 21. e5 Ncxe5 22. Ne4 Bb7 23. Nxf6 Nxf6 24. Rxf6 1-0

[Event "London ENG"]
[Site "London ENG"]
[Date "1973.??.??"]
[Round "?"]
[White "Timman, Jan H"]
[Black "Stean, Michael F"]
[Result "1/2-1/2"]
[WhiteElo "2470"]
[BlackElo "2320"]
[PlyCount "41"]
[EventDate "1973.??.??"]
[Source "www.chesslib.no"]
[SourceDate "2004.05.04"]

1. e4 c5 2. Nf3 d6 3. d4 cxd4 4. Nxd4 Nf6 5. Nc3 a6 6. Bg5 e6 7. f4 Be7 8. Qf3 h6 9. Bh4 g5 10. fxg5 Nfd7 11. Nxe6 fxe6 12. Qh5+ Kf8 13. Bb5 Rh7 14. Qg6 Rf7 15. Qxh6+ Kg8 16. Rf1 Rxf1+ 17. Bxf1 Ne5 18. Bc4 Nxc4 19. Qg6+ Kh8 20. Qh6+ Kg8 21. Qg6+ 1/2-1/2

[Event "DEN-ch"]
[Site "Hjorring"]
[Date "1971.??.??"]
[Round "10"]
[White "Norby, Peter H"]
[Black "Brinck Claussen, Bjorn"]
[Result "1/2-1/2"]
[WhiteElo "2350"]
[BlackElo "2425"]
[PlyCount "33"]
[EventDate "1971.??.??"]
[Source "ChessBase"]

1. Nf3 c5 2. e4 d6 3. d4 cxd4 4. Nxd4 Nf6 5. Nc3 a6 6. Bg5 e6 7. f4 Be7 8. Qf3 h6 9. Bh4 g5 10. fxg5 Nfd7 11. Nxe6 fxe6 12. Qh5+ Kf8 13. Bb5 Rh7 14. Qg6 Rf7 15. Qxh6+ Kg8 16. Qg6+ Kf8 17. Qh6+ 1/2-1/2

[Event "CSR-ch"]
[Site "Trencianske Teplice"]
[Date "1979.??.??"]
[Round "4"]
[White "Rogulj, Branko"]
[Black "Vokac, Marek"]
[Result "0-1"]
[WhiteElo "2440"]
[BlackElo "2330"]
[PlyCount "90"]
[EventDate "1979.11.??"]
[Source "ChessBase"]

1. e4 c5 2. Nf3 d6 3. d4 cxd4 4. Nxd4 Nf6 5. Nc3 a6 6. Bg5 e6 7. f4 Be7 8. Qf3 h6 9. Bh4 g5 10. fxg5 Nfd7 11. Bg3 Ne5 12. Qh5 Qb6 13. O-O-O Bxg5+ 14. Kb1 Nbc6 15. Nb3 Be7 16. Be2 Bd7 17. Rhf1 O-O-O 18. Bf2 Qc7 19. Na4 Nb4 20. Nb6+ Kb8 21. c3 Nbc6 22. Qh3 Rdg8 23. c4 Nd8 24. c5 Bc6 25. cxd6 Bxd6 26. Qe3 Rxg2 27. Na8 Qe7 28. Qa7+ Kc8 29. Nb6+ Kc7 30. Nc5 Bxc5 31. Bxc5 Bxe4+ 32. Ka1 Qxc5 33. Nd5+ Qxd5 34. Rxd5 Bxd5 35. Rc1+ Nec6 36. Bf1 Rg5 37. h4 Rg4 38. Qf2 Rhg8 39. Qf6 Kd7 40. h5 Ra4 41. a3 Rg1 42. Qxh6 Rh4 43. Qe3 Rhh1 44. Qf2 Rg5 45. b4 Rf5 0-1

[Event "URS-Army"]
[Site "Khabarovsk"]
[Date "1990.??.??"]
[Round "?"]
[White "Nasybullin, Vladislav"]
[Black "Graf, Alexander"]
[Result "1/2-1/2"]
[WhiteElo "2350"]
[BlackElo "2415"]
[PlyCount "37"]
[EventDate "1990.??.??"]
[Source "www.chesslib.no"]
[SourceDate "2004.05.04"]

1. e4 c5 2. Nf3 d6 3. d4 cxd4 4. Nxd4 Nf6 5. Nc3 a6 6. Bg5 e6 7. f4 Be7 8. Qf3 h6 9. Bh4 g5 10. fxg5 Nfd7 11. Nxe6 fxe6 12. Qh5+ Kf8 13. Bb5 Rh7 14. O-O+ Kg8 15. g6 Rg7 16. Rf7 Bxh4 17. Qxh6 Rxf7 18. gxf7+ Kxf7 19. Qh5+ 1/2-1/2

[Event "Telecom Open"]
[Site "Dublin IRL"]
[Date "1991.??.??"]
[Round "?"]
[White "Cullip, Stephen"]
[Black "Sadler, Matthew"]
[Result "0-1"]
[WhiteElo "2320"]
[BlackElo "2440"]
[PlyCount "76"]
[EventDate "1991.03.??"]
[Source "www.chesslib.no"]
[SourceDate "2004.05.04"]

1. e4 c5 2. Nf3 d6 3. d4 cxd4 4. Nxd4 Nf6 5. Nc3 a6 6. Bg5 e6 7. f4 Be7 8. Qf3 h6 9. Bh4 Qa5 10. O-O-O Nbd7 11. f5 e5 12. Nb3 Qc7 13. g4 b5 14. a3 Bb7 15. Bxf6 Nxf6 16. h4 Rc8 17. Bd3 Nd7 18. Nd5 Bxd5 19. exd5 Nc5 20. Nxc5 Qxc5 21. Qe4 Rc7 22. Kb1 Kd8 23. c4 b4 24. axb4 Qxb4 25. Qe1 Qb6 26. Qc3 Kd7 27. Bc2 Rb8 28. Ba4+ Kd8 29. Bc6 Qb4 30. Kc2 Qc5 31. Rd2 Rb4 32. b3 Rc8 33. Re2 Rcb8 34. Ba4 Bf6 35. Qe3 Rxc4+ 36. bxc4 Qxc4+ 37. Kd2 Qxa4 38. Rc1 Bxh4 0-1

[Event "Hoogovens-B"]
[Site "Wijk aan Zee"]
[Date "1972.??.??"]
[Round "?"]
[White "Scholl, Eddie C"]
[Black "Sahovic, Dragutin"]
[Result "1/2-1/2"]
[WhiteElo "2400"]
[BlackElo "2345"]
[PlyCount "135"]
[EventDate "1972.??.??"]
[Source "ChessBase"]

1. e4 c5 2. Nf3 d6 3. d4 cxd4 4. Nxd4 Nf6 5. Nc3 a6 6. Bg5 e6 7. f4 Be7 8. Qf3 h6 9. Bh4 g5 10. fxg5 Nfd7 11. Qh5 Ne5 12. Bg3 Bxg5 13. Be2 Qb6 14. Bxe5 dxe5 15. Nf3 Qxb2 16. Nd1 Qb4+ 17. c3 Qe7 18. O-O Rf8 19. h4 Bf4 20. Nf2 Nd7 21. Ng4 Nf6 22. Nxf6+ Qxf6 23. Ne1 Rg8 24. Nd3 Qg7 25. Qf3 Bd7 26. Rab1 b5 27. Rf2 Bg3 28. Rff1 Bc6 29. Rbd1 Bf4 30. Nxf4 exf4 31. Rf2 Qg3 32. Qxf4 Qxf4 33. Rxf4 Ke7 34. Bf3 f6 35. h5 e5 36. Rh4 Rad8 37. Kf2 Rxd1 38. Bxd1 Bd7 39. Bf3 Be6 40. a3 Rc8 41. Rh1 Rxc3 42. Ra1 a5 43. Ke2 Rc7 44. Rb1 Bc4+ 45. Ke3 Rd7 46. Be2 Bxe2 47. Kxe2 Rb7 48. Rb3 Kd6 49. Rg3 Kc5 50. Kd3 Rd7+ 51. Kc3 Rd4 52. Rg6 Rxe4 53. Rxf6 Re3+ 54. Kb2 Re2+ 55. Kc3 Rxg2 56. Rxh6 Rg3+ 57. Kb2 Rg2+ 58. Kc3 Ra2 59. Kb3 Rh2 60. Rh8 a4+ 61. Kc3 Rh3+ 62. Kb2 Kc4 63. Rc8+ Kd4 64. Rd8+ Ke4 65. Rb8 Rxh5 66. Rxb5 Rh2+ 67. Kc3 Rh3+ 68. Kb4 1/2-1/2

[Event "EM/OL14/G3/B6"]
[Site "?"]
[Date "2000.??.??"]
[Round "?"]
[White "Joao Nevio"]
[Black "Cody Philip C"]
[Result "1-0"]
[WhiteElo "2440"]
[BlackElo "2290"]
[PlyCount "65"]
[EventDate "2000.??.??"]
[Source "www.chesslib.no"]
[SourceDate "2004.05.04"]

1. e4 c5 2. Nf3 d6 3. d4 cxd4 4. Nxd4 Nf6 5. Nc3 a6 6. Bg5 e6 7. f4 Be7 8. Qf3 h6 9. Bh4 Bd7 10. O-O-O O-O 11. g4 Nc6 12. Nb3 Qc7 13. Rg1 b5 14. g5 hxg5 15. Bxg5 Rfc8 16. Qg2 Ne8 17. Bh6 Bf8 18. f5 b4 19. fxe6 Bxe6 20. Nd5 Bxd5 21. exd5 Ne5 22. Nd4 g6 23. Bxf8 Kxf8 24. Bd3 Qb6 25. Nc6 Nf6 26. Nxe5 Qe3+ 27. Kb1 Qxe5 28. Bxg6 Rc4 29. h3 fxg6 30. Qxg6 Ke7 31. Qg7+ Kd8 32. Rde1 Qf5 33. Qf7 1-0

[Event "Corr"]
[Site "?"]
[Date "2002.06.15"]
[Round "?"]
[White "Ferre Perez Alberto (ESP)"]
[Black "Cranbourne Carlos Leon (ARG)"]
[Result "0-1"]
[WhiteElo "2264"]
[BlackElo "2447"]
[PlyCount "94"]
[EventDate "2002.??.??"]
[Source "www.chesslib.no"]
[SourceDate "2004.05.04"]

1. e4 c5 2. Nf3 d6 3. d4 cxd4 4. Nxd4 Nf6 5. Nc3 a6 6. Bg5 e6 7. f4 Be7 8. Qf3 h6 9. Bh4 g5 10. fxg5 Nfd7 11. Nxe6 fxe6 12. Qh5+ Kf8 13. Bb5 Rh7 14. O-O+ Kg8 15. g6 Rg7 16. Rf7 Bxh4 17. Qxh6 Rxf7 18. gxf7+ Kxf7 19. Rf1+ Bf6 20. Qh7+ Ke8 21. Qg6+ Kf8 22. e5 dxe5 23. Ne4 Qb6+ 24. Kh1 axb5 25. Nxf6 Ke7 26. Qe8+ Kd6 27. Qxc8 Ra4 28. c3 Nxf6 29. Qxb8+ Ke7 30. Qxe5 Nd7 31. Qg5+ Kd6 32. h4 Kc7 33. h5 Qd6 34. h6 Qd5 35. Qg3+ Kc6 36. Qh3 Ra8 37. Rf7 Rh8 38. h7 Qxa2 39. c4 Qxc4 40. b3 Qc1+ 41. Kh2 Qd2 42. Qxe6+ Qd6+ 43. Qxd6+ Kxd6 44. Kg1 b6 45. g4 Ke6 46. Rg7 Nf6 47. Rb7 Nd7 0-1

[Event "Chigorin Mem Open, St Petersburg RUS"]
[Site "?"]
[Date "2001.??.??"]
[Round "8"]
[White "Khruschiov, A."]
[Black "Paramonov, D."]
[Result "1/2-1/2"]
[WhiteElo "2400"]
[BlackElo "2305"]
[PlyCount "70"]
[EventDate "2001.??.??"]
[Source "www.chesslib.no"]
[SourceDate "2004.05.04"]

1. e4 c5 2. Nf3 d6 3. d4 cxd4 4. Nxd4 Nf6 5. Nc3 a6 6. Bg5 e6 7. f4 Be7 8. Qf3 h6 9. Bh4 g5 10. fxg5 Nfd7 11. Nxe6 fxe6 12. Qh5+ Kf8 13. Bb5 Rh7 14. O-O+ Kg8 15. g6 Rg7 16. Rf7 Bxh4 17. Qxh6 Qf6 18. Rxf6 Bxf6 19. Be2 Nf8 20. Bh5 Nc6 21. e5 Bxe5 22. Ne4 Ne7 23. Rf1 Nfxg6 24. h3 Bd7 25. Bg4 Nf5 26. Qd2 Bc6 27. Ng5 Bd4+ 28. Kh2 Be5+ 29. Kg1 Bd4+ 30. Kh2 Be3 31. Qe1 Re8 32. Nf3 Bf4+ 33. Kg1 Be3+ 34. Kh2 Bf4+ 35. Kg1 Be3+ 1/2-1/2

[Event "Moscow GM2"]
[Site "Moscow"]
[Date "1996.??.??"]
[Round "?"]
[White "Maiorov, Oleg"]
[Black "Sadvakasov, Darmen"]
[Result "0-1"]
[WhiteElo "2420"]
[BlackElo "2280"]
[PlyCount "100"]
[EventDate "1996.??.??"]
[Source "www.chesslib.no"]
[SourceDate "2004.05.04"]

1. e4 c5 2. Nf3 d6 3. d4 cxd4 4. Nxd4 Nf6 5. Nc3 a6 6. Bg5 e6 7. f4 Be7 8. Qf3 h6 9. Bh4 g5 10. fxg5 Nfd7 11. Qh5 Ne5 12. Bg3 Bxg5 13. Nf3 Nbd7 14. Nxg5 Qxg5 15. Qd1 Ke7 16. Qd4 Rd8 17. Ne2 Nb8 18. h4 Qg7 19. h5 Nbc6 20. Bh4+ f6 21. Qe3 Nf7 22. Nf4 Nce5 23. O-O-O Bd7 24. Be2 Ng5 25. Rd4 Bc6 26. Rf1 b5 27. Rfd1 a5 28. a4 b4 29. Qb3 Qg8 30. Bc4 Rac8 31. Kb1 Qe8 32. Bb5 Qg8 33. Ba6 Rc7 34. Bc4 Bd7 35. g3 Bc8 36. Bf1 Ngf3 37. Ng6+ Nxg6 38. Qxf3 Nxh4 39. gxh4 e5 40. Rd5 Bg4 41. Qe3 Bxd1 42. Rxd1 Rc5 43. Bh3 Qc4 44. Rd2 Rg8 45. Rh2 Qd4 46. Qxd4 exd4 47. Bf5 Rg1+ 48. Ka2 Rg3 49. b3 Rcc3 50. Rd2 d3 0-1

[Event "Moscow RUS"]
[Site "?"]
[Date "1965.??.??"]
[Round "?"]
[White "Zaitsev Igor A"]
[Black "Gruzmann Boris"]
[Result "1-0"]
[WhiteElo "2413"]
[BlackElo "2283"]
[PlyCount "65"]
[EventDate "1965.??.??"]
[Source "www.chesslib.no"]
[SourceDate "2004.05.04"]

1. e4 c5 2. Nf3 d6 3. d4 cxd4 4. Nxd4 Nf6 5. Nc3 a6 6. Bg5 e6 7. f4 Be7 8. Qf3 h6 9. Bh4 Nbd7 10. O-O-O Qa5 11. Bf2 g5 12. g3 Qc7 13. Bg2 Rb8 14. Rhe1 O-O 15. Be3 b5 16. e5 Bb7 17. Nc6 Kg7 18. exf6+ Bxf6 19. fxg5 hxg5 20. Bd4 e5 21. Be3 Rg8 22. Qf5 Bxc6 23. Bxc6 Qxc6 24. Bxg5 Bxg5+ 25. Qxg5+ Kf8 26. Qh6+ Ke7 27. Qh4+ Kf8 28. Qh6+ Ke7 29. Nd5+ Kd8 30. Nb4 Qb7 31. Qxd6 Rc8 32. Rxe5 Rc7 33. Qe7+ 1-0

[Event "Pola CRO"]
[Site "?"]
[Date "2005.06.25"]
[Round "8.15"]
[White "Orak Ljubomir"]
[Black "Franic Milan"]
[Result "0-1"]
[WhiteElo "2300"]
[BlackElo "2390"]
[PlyCount "92"]
[EventDate "2005.??.??"]
[Source "www.chesslib.no"]
[SourceDate "2004.05.04"]

1. e4 c5 2. Nf3 d6 3. d4 cxd4 4. Nxd4 Nf6 5. Nc3 a6 6. Bg5 e6 7. f4 h6 8. Bh4 Be7 9. Qf3 Qc7 10. O-O-O Nbd7 11. Qg3 Rg8 12. Be2 g5 13. fxg5 b5 14. Qe3 hxg5 15. Bg3 Qc5 16. a3 Bb7 17. Rhf1 Rc8 18. Qd3 Ne5 19. Bxe5 Qxe5 20. Nf3 Qc5 21. Nd4 Rh8 22. h3 Nd7 23. Bg4 Rh6 24. Nf3 Nb6 25. Nd2 Nd7 26. Nf3 Rc7 27. Qe2 b4 28. axb4 Qxb4 29. Rd4 Qa5 30. Rc4 Bf6 31. Rxc7 Qxc7 32. Qe3 Qc5 33. Qd3 Ke7 34. Rd1 Rh8 35. g3 Rc8 36. h4 gxh4 37. gxh4 Rg8 38. e5 Nxe5 39. Nxe5 Qxe5 40. Qc4 Qc5 41. Qb3 Bc6 42. Be2 Bxh4 43. Kb1 a5 44. Bd3 Qb4 45. Qa2 Bf6 46. Ne2 Bd5 0-1

[Event "ISL-ch"]
[Site "Kopavogur"]
[Date "2000.08.25"]
[Round "2.1"]
[White "Gunnarsson, Jon Viktor"]
[Black "Thorsteinsson, Thorsteinn"]
[Result "0-1"]
[WhiteElo "2368"]
[BlackElo "2322"]
[PlyCount "108"]
[EventDate "2000.08.05"]
[Source "www.chesslib.no"]
[SourceDate "2004.05.04"]

1. e4 c5 2. Nf3 d6 3. d4 cxd4 4. Nxd4 Nf6 5. Nc3 a6 6. Bg5 e6 7. f4 Be7 8. Qf3 h6 9. Bh4 Qa5 10. O-O-O Qh5 11. Bf2 Qxf3 12. Nxf3 Nbd7 13. Bd3 O-O 14. Rhe1 Bd8 15. Bf1 Bc7 16. e5 Ne8 17. Bh4 dxe5 18. fxe5 g5 19. Bg3 Ba5 20. Re3 Nb6 21. h4 Ng7 22. Bf2 Bxc3 23. bxc3 Nd5 24. Red3 g4 25. Nh2 h5 26. c4 Nb4 27. R3d2 Nc6 28. Bg3 Nf5 29. Bf4 a5 30. Bd3 a4 31. Nf1 Ra5 32. Re1 a3 33. Ng3 Nxg3 34. Bxg3 b6 35. Be4 Nb4 36. c3 Na6 37. Bf2 Nc5 38. Bc6 Ba6 39. Red1 Bxc4 40. Be3 Bb5 41. Rd6 Kg7 42. Kc2 Rc8 43. Bxb5 Rxb5 44. Bc1 Ne4 45. R1d3 Rbc5 46. Bxa3 Rxc3+ 47. Kb2 Nxd6 48. Rxc3 Rxc3 49. Kxc3 Nb5+ 50. Kb4 Nxa3 51. Kxa3 f5 52. exf6+ Kxf6 53. Kb4 e5 54. a4 g3 0-1

[Event "ch"]
[Site "?"]
[Date "1998.??.??"]
[Round "?"]
[White "De la Paz Frank"]
[Black "Gongora Maikel"]
[Result "1-0"]
[WhiteElo "2325"]
[BlackElo "2340"]
[PlyCount "63"]
[EventDate "1998.??.??"]
[Source "www.chesslib.no"]
[SourceDate "2004.05.04"]

1. e4 c5 2. Nf3 d6 3. d4 cxd4 4. Nxd4 Nf6 5. Nc3 a6 6. Bg5 e6 7. f4 Be7 8. Qf3 h6 9. Bh4 Qa5 10. O-O-O Nbd7 11. g4 g5 12. Be1 Qc7 13. Qh3 Rg8 14. Qxh6 Bf8 15. Qh3 gxf4 16. Rg1 Nc5 17. Qf3 e5 18. Nf5 Qc6 19. Bh4 Nfxe4 20. Nxe4 Qxe4 21. Nxd6+ Bxd6 22. Rxd6 Bd7 23. Qc3 Rh8 24. Bf6 Rxh2 25. Qxc5 Rxc2+ 26. Qxc2 Qe3+ 27. Kb1 Qxg1 28. Qd1 Qxg4 29. Qxg4 Bxg4 30. Bxe5 f3 31. Kc1 Rc8+ 32. Kd2 1-0

[Event "Mind Sports Games - Blitz Team"]
[Site "Pechino CINA"]
[Date "2008.10.13"]
[Round "5"]
[White "Malachi, A."]
[Black "Gundavaa, B."]
[Result "0-1"]
[WhiteElo "2195"]
[BlackElo "2458"]
[PlyCount "80"]
[EventDate "2008.10.13"]
[Source "www.chesslib.no"]
[SourceDate "2004.05.04"]

1. e4 c5 2. Nf3 d6 3. d4 cxd4 4. Nxd4 Nf6 5. Nc3 a6 6. Bg5 e6 7. f4 h6 8. Bh4 Be7 9. Qf3 Qc7 10. O-O-O Nbd7 11. g4 g5 12. fxg5 Ne5 13. Qg3 Nfxg4 14. gxh6 Bxh4 15. Qxh4 Rxh6 16. Qg3 Bd7 17. Be2 Nf6 18. Rhf1 O-O-O 19. h4 Rg8 20. Qf2 Nfg4 21. Bxg4 Rxg4 22. Rg1 Rhxh4 23. Rxg4 Rxg4 24. Rh1 Qd8 25. a3 Qg5+ 26. Kb1 Rg2 27. Qh4 Qxh4 28. Rxh4 Kc7 29. Rh7 Rd2 30. Nb3 Rf2 31. Rg7 b5 32. Nd4 Kb6 33. Nb3 Bc6 34. Rg8 Nc4 35. Rb8+ Kc7 36. Rf8 f5 37. Rf7+ Kb6 38. exf5 Rxf5 39. Re7 e5 40. Nd2 Nxd2+ 0-1

[Event "4th Open A"]
[Site "Moscow RUS"]
[Date "2008.02.09"]
[Round "8"]
[White "Lyaskovsky, Va"]
[Black "Kruglov, Vi"]
[Result "1-0"]
[WhiteElo "2297"]
[BlackElo "2336"]
[PlyCount "35"]
[EventDate "2008.02.02"]
[Source "www.chesslib.no"]
[SourceDate "2004.05.04"]

1. e4 c5 2. Nf3 d6 3. d4 cxd4 4. Nxd4 Nf6 5. Nc3 a6 6. Bg5 e6 7. f4 Be7 8. Qf3 h6 9. Bh4 g5 10. fxg5 Nfd7 11. Nxe6 fxe6 12. Qh5+ Kf8 13. Bb5 Kg7 14. O-O Ne5 15. Bg3 Qg8 16. Bxe5+ dxe5 17. Be8 Rh7 18. gxh6+ 1-0

[Event "It (Open)"]
[Site "?"]
[Date "2005.12.30"]
[Round "4"]
[White "Walach Marcin"]
[Black "Andrzejewska Edyta"]
[Result "0-1"]
[WhiteElo "2406"]
[BlackElo "2216"]
[PlyCount "64"]
[EventDate "2005.??.??"]
[Source "www.chesslib.no"]
[SourceDate "2004.05.04"]

1. e4 c5 2. Nf3 d6 3. d4 cxd4 4. Nxd4 Nf6 5. Nc3 a6 6. Bg5 e6 7. f4 h6 8. Bh4 Be7 9. Qf3 Qc7 10. O-O-O Nbd7 11. Bg3 b5 12. Bd3 b4 13. e5 Bb7 14. Ne4 dxe5 15. fxe5 Nxe4 16. Bxe4 Bxe4 17. Qxe4 O-O 18. Kb1 Nc5 19. Qf3 Rfc8 20. Rhf1 Bf8 21. Bf4 Rab8 22. Qe2 Na4 23. Qxa6 Ra8 24. Qd3 Nc3+ 25. bxc3 bxc3 26. Rde1 Rxa2 27. Nb3 Qa7 28. Bc1 Ra1+ 29. Nxa1 Ra8 30. Bb2 Qa2+ 31. Kc1 Qxa1+ 32. Bxa1 Rxa1# 0-1

[Event "Arnold mem"]
[Site "Gausdal"]
[Date "1997.??.??"]
[Round "7"]
[White "Karlsson, Tomas"]
[Black "Kristensen, Bjarke"]
[Result "0-1"]
[WhiteElo "2190"]
[BlackElo "2430"]
[PlyCount "66"]
[EventDate "1997.??.??"]
[Source "www.chesslib.no"]
[SourceDate "2004.05.04"]

1. e4 c5 2. Nf3 d6 3. d4 cxd4 4. Nxd4 Nf6 5. Nc3 a6 6. Bg5 e6 7. f4 Be7 8. Qf3 h6 9. Bh4 Nc6 10. Bf2 Bd7 11. O-O-O Rc8 12. e5 dxe5 13. Nxc6 Rxc6 14. fxe5 Nd5 15. Nxd5 exd5 16. Bd3 Be6 17. Bd4 Bc5 18. Qe3 Qg5 19. Qxg5 hxg5 20. Bxc5 Rxc5 21. h3 Rh4 22. g4 Ke7 23. Be2 d4 24. Rxd4 Bxa2 25. Bf3 b5 26. Re4 Bb3 27. Re2 a5 28. Kb1 Bc4 29. Re3 Rh8 30. b3 Be6 31. Kb2 b4 32. Rd1 Rxh3 33. Rd6 Rxe5 0-1

[Event "ISL Team Ch"]
[Site "Island"]
[Date "1995.??.??"]
[Round "?"]
[White "Bjornsson, Tomas"]
[Black "Gretarsson, Andri Ass"]
[Result "0-1"]
[WhiteElo "2255"]
[BlackElo "2330"]
[PlyCount "116"]
[EventDate "1995.??.??"]
[Source "www.chesslib.no"]
[SourceDate "2004.05.04"]

1. e4 c5 2. Nf3 d6 3. d4 cxd4 4. Nxd4 Nf6 5. Nc3 a6 6. Bg5 e6 7. f4 Be7 8. Qf3 h6 9. Bh4 g5 10. fxg5 Nfd7 11. Qh5 Ne5 12. Bg3 Bxg5 13. Be2 Bd7 14. Rd1 Qe7 15. O-O Nbc6 16. Kh1 Nxd4 17. Rxd4 Bc6 18. h4 O-O-O 19. Bxe5 dxe5 20. Rxd8+ Qxd8 21. Rd1 Qg8 22. Qg4 Be7 23. Rf1 Be8 24. Nd5 Qxg4 25. Nxe7+ Kd8 26. Bxg4 Kxe7 27. Rd1 Bd7 28. Kg1 Rc8 29. c3 Rc4 30. Re1 b5 31. Kf2 f5 32. Bf3 Kf6 33. g3 Bc8 34. Re3 Bb7 35. exf5 Bxf3 36. Kxf3 exf5 37. b3 Rg4 38. Kf2 e4 39. a4 bxa4 40. bxa4 Ke5 41. c4 f4 42. gxf4+ Rxf4+ 43. Ke2 Rxh4 44. Rb3 Kd4 45. Rb6 Rh2+ 46. Kd1 a5 47. Rb5 Kd3 48. Rd5+ Kxc4 49. Rxa5 Kd3 50. Rd5+ Ke3 51. a5 Rh1+ 52. Kc2 Kf2 53. Rf5+ Ke2 54. Rf4 e3 55. Ra4 Kf2 56. a6 e2 57. a7 e1=Q 58. a8=Q Qb1+ 0-1

[Event "Corr"]
[Site "?"]
[Date "1999.06.15"]
[Round "?"]
[White "Schmidt Theo"]
[Black "Limayo Ed (USA)"]
[Result "1-0"]
[WhiteElo "2455"]
[BlackElo "2126"]
[PlyCount "83"]
[EventDate "1999.??.??"]
[Source "www.chesslib.no"]
[SourceDate "2004.05.04"]

1. e4 c5 2. Nf3 d6 3. d4 cxd4 4. Nxd4 Nf6 5. Nc3 a6 6. Bg5 e6 7. f4 Be7 8. Qf3 h6 9. Bh4 g5 10. fxg5 Nfd7 11. Nxe6 fxe6 12. Qh5+ Kf8 13. Bb5 Rh7 14. O-O+ Kg8 15. g6 Rg7 16. Rf7 Bxh4 17. Qxh6 Rxf7 18. gxf7+ Kxf7 19. Rf1+ Bf6 20. Qh7+ Kf8 21. e5 dxe5 22. Be2 Qb6+ 23. Kh1 Ke8 24. Qg8+ Ke7 25. Rd1 Nf8 26. Ne4 Nbd7 27. Nxf6 Kxf6 28. h4 Qe3 29. Bh5 Ke7 30. Qf7+ Kd8 31. Qxf8+ Kc7 32. Qd6+ Kd8 33. Rf1 Qh6 34. g4 a5 35. g5 Qh8 36. g6 Ra6 37. Rf8+ Qxf8 38. Qxf8+ Nxf8 39. g7 Nd7 40. g8=Q+ Kc7 41. Bg4 b5 42. h5 1-0

[Event "St Chely d'Aubrac op 2nd"]
[Site "St Chely d'Aubrac"]
[Date "2002.07.01"]
[Round "5"]
[White "Bollore, Jacques"]
[Black "Mrdja, Milan"]
[Result "1-0"]
[WhiteElo "2153"]
[BlackElo "2411"]
[PlyCount "87"]
[EventDate "2002.06.27"]
[Source "ChessBase"]
[SourceDate "2002.09.11"]

1. e4 c5 2. Nf3 d6 3. d4 cxd4 4. Nxd4 Nf6 5. Nc3 a6 6. Bg5 e6 7. f4 Be7 8. Qf3 h6 9. Bh4 Nbd7 10. Bf2 Qc7 11. O-O-O b5 12. Bd3 Bb7 13. a3 Nc5 14. Kb1 d5 15. e5 Nfe4 16. Bxe4 dxe4 17. Qg4 g6 18. Bh4 g5 19. fxg5 O-O-O 20. Bg3 Bxg5 21. Rhf1 Qe7 22. Qh5 Rhf8 23. Nde2 Rxd1+ 24. Nxd1 Bd5 25. Be1 Bc4 26. h4 Qd7 27. Bb4 Be7 28. Ndc3 e3 29. Qxh6 a5 30. Bxa5 Na4 31. Qxe3 Bc5 32. Qe4 Qb7 33. Qxb7+ Kxb7 34. Rd1 Rg8 35. b3 Bxe2 36. Nxe2 Rxg2 37. Nf4 Rg4 38. Nd3 Bb6 39. Bxb6 Nxb6 40. Rh1 Nd5 41. h5 Rg7 42. h6 Rh7 43. Nc5+ Kc6 44. Ne4 1-0

[Event "II Open ROMGAZ"]
[Site "Bucarest ROM"]
[Date "2008.09.17"]
[Round "7"]
[White "Vedmediuc, S."]
[Black "Osman, Mi"]
[Result "1-0"]
[WhiteElo "2396"]
[BlackElo "2155"]
[PlyCount "53"]
[EventDate "2008.09.11"]
[Source "www.chesslib.no"]
[SourceDate "2004.05.04"]

1. e4 c5 2. Nf3 d6 3. d4 Nf6 4. Nc3 cxd4 5. Nxd4 a6 6. Bg5 e6 7. f4 Be7 8. Qf3 h6 9. Bh4 g5 10. fxg5 Nh7 11. Bg3 Bxg5 12. h4 Be7 13. O-O-O Qc7 14. Nf5 exf5 15. Nd5 Qa5 16. Nxe7 Kxe7 17. Bxd6+ Ke8 18. Bc4 f4 19. Qxf4 Be6 20. Bxe6 fxe6 21. Bc7 e5 22. Rd8+ Ke7 23. Bxa5 exf4 24. Rxh8 Nf6 25. Bd8+ Kf7 26. Bxf6 Kxf6 27. Rd1 1-0

[Event "Budapest FS03 IM-B"]
[Site "Budapest HUN"]
[Date "1995.??.??"]
[Round "8"]
[White "Castelfranchi, Carlo"]
[Black "Wilhelmi, Christian"]
[Result "1/2-1/2"]
[WhiteElo "2255"]
[BlackElo "2295"]
[PlyCount "36"]
[EventDate "1995.03.??"]
[Source "www.chesslib.no"]
[SourceDate "2004.05.04"]

1. e4 c5 2. Nf3 d6 3. d4 cxd4 4. Nxd4 Nf6 5. Nc3 a6 6. Bg5 e6 7. f4 Be7 8. Qf3 h6 9. Bh4 Nbd7 10. O-O-O Qc7 11. Qg3 g5 12. fxg5 Nh5 13. Qg4 hxg5 14. Bxg5 Ne5 15. Qh4 Ng6 16. Qg4 Ne5 17. Qh4 Ng6 18. Qg4 Ne5 1/2-1/2

[Event "Corr"]
[Site "?"]
[Date "2005.07.30"]
[Round "?"]
[White "Cehajic Mustafa"]
[Black "Mayer Cristian"]
[Result "1/2-1/2"]
[WhiteElo "2280"]
[BlackElo "2261"]
[PlyCount "69"]
[EventDate "2005.??.??"]
[Source "www.chesslib.no"]
[SourceDate "2004.05.04"]

1. e4 c5 2. Nf3 d6 3. d4 cxd4 4. Nxd4 Nf6 5. Nc3 a6 6. Bg5 e6 7. f4 Be7 8. Qf3 h6 9. Bh4 g5 10. fxg5 Nfd7 11. Nxe6 fxe6 12. Qh5+ Kf8 13. Bb5 Rh7 14. O-O+ Kg8 15. g6 Rg7 16. Rf7 Bxh4 17. Qxh6 Rxf7 18. gxf7+ Kxf7 19. Qh7+ Ke8 20. Qg8+ Ke7 21. Qg7+ Ke8 22. Rf1 Qb6+ 23. Kh1 Kd8 24. Bc4 Nc6 25. Bxe6 Ne7 26. Qh8+ Kc7 27. Qxh4 Qxb2 28. Qxe7 Qxc3 29. h4 Qh8 30. Rf3 Qa1+ 31. Kh2 Qe5+ 32. g3 Qxe4 33. Rf8 Qe2+ 34. Kg1 Qe1+ 35. Kg2 1/2-1/2